The physics and chemistry of surfaces / (Record no. 127625)

MARC details
000 -LEADER
fixed length control field 00689nam a22002417a 4500
005 - DATE AND TIME OF LATEST TRANSACTION
control field 20170124110028.0
010 ## - LIBRARY OF CONGRESS CONTROL NUMBER
LC control number A-117772
020 ## - INTERNATIONAL STANDARD BOOK NUMBER
Terms of availability 00.00
035 ## - SYSTEM CONTROL NUMBER
System control number A-117772
037 ## - SOURCE OF ACQUISITION
Source of stock number/acquisition Cen Lib/Ret
040 ## - CATALOGING SOURCE
Original cataloging agency DPL
Language of cataloging EN
082 ## - DEWEY DECIMAL CLASSIFICATION NUMBER
Classification number 541
Item number ADA
100 ## - MAIN ENTRY--PERSONAL NAME
Personal name Adam, Neil Kensington
9 (RLIN) 21042
245 ## - TITLE STATEMENT
Title The physics and chemistry of surfaces /
Statement of responsibility, etc by Neil Kensington Adam
250 ## - EDITION STATEMENT
Edition statement 3rd ed.
260 ## - PUBLICATION, DISTRIBUTION, ETC. (IMPRINT)
Name of publisher, distributor, etc Oxford University Press
Date of publication, distribution, etc 1938
Place of publication, distribution, etc London
270 ## - ADDRESS
City New York
Address Amen House, E.C..4
300 ## - PHYSICAL DESCRIPTION
Extent xii, 436p. :
Dimensions 21cm(Hb)
Other physical details ill.
500 ## - GENERAL NOTE
General note Includes index
650 ## - SUBJECT ADDED ENTRY--TOPICAL TERM
Topical term or geographic name as entry element Molecular theory.
9 (RLIN) 21043
650 ## - SUBJECT ADDED ENTRY--TOPICAL TERM
Topical term or geographic name as entry element Surfaces.
9 (RLIN) 21044
942 ## - ADDED ENTRY ELEMENTS (KOHA)
Source of classification or shelving scheme Dewey Decimal Classification
Koha item type English Books
Classification part 541
Call number suffix ADA
Holdings
Withdrawn status Lost status Damaged status Not for loan Home library Current library Date acquired Source of acquisition Cost, normal purchase price Total Checkouts Full call number Barcode Date last seen Copy number Cost, replacement price Price effective from Koha item type
        Central Library Central Library 30/06/2015 Cen Lib/Ret 0.00   541 ADA A-117772 30/06/2015 1 0.00 30/06/2015 English Books

© Delhi Public Library
Hit Counter
free hit counter